000 00684nam a2200193Ii 4500
003 JO-AjNU
008 230605s9999||||xx |||||||||||||| ||und||
040 _aJO-AjNU
_bara
_erda
_cJO-AjNU
041 _aara
050 1 4 _aK894.N35.1982
100 3 _a بخيدة، علي حسين ,
_eauthor
_939204
245 0 0 _aضمان عيوب المبيع في عقد البيع في القانونين المصري والمغربي " دراسة مقارنة "
250 _a(د،ط)
264 3 1 _aالقاهرة : دار الفكر الجامعي ، 1986
300 _a173ص
336 _atext
_btxt
_2rdacontent
337 _aunmediated
_bn
_2rdamedia
338 _avolume
_bnc
_2rdacarrier
999 _aA16537
_c20105
_d20105